000 00521nam a22001817a 4500
005 20170908105741.0
010 _aENG-120360
020 _c450.00
_a9789382632078
035 _aEN-103892
037 _bDBAD/PUB
082 _a370.954
100 _aJha,Pushpa
245 _aDevelopment of education in India /
_cby Pushpa Jha
260 _aAllahabad
_bAprajita Publication
_c2015
270 _a5,Khusrobagh Road
_bAllahabad
_e211001
300 _av,164p.
_c22cm(Hb)
942 _2ddc
_cEN
_h370.954
_mJHA
999 _c144194
_d144194